000 00564nam a2200205Ia 4500
005 20260429111953.0
008 260429s9999||||xx |||||||||||||| ||und||
020 _a9789819800742
041 _aEnglish
082 _a531
_bLEI
100 _aLeinaas, Jon Magne
245 0 _aClassical mechanics and electrodynamics /
_cJon Magne Leinaas
250 _a2nd ed.
260 _aSingapore :
_bWorld Scientific Publishing,
_c2025.
300 _axv, 407 p.; pbk
650 _a Classical mechanics
650 _a Electrodynamics
650 _aPhysics
942 _cTB
999 _c51684
_d51684